| 000 | 00000nam 2200000zi 4500 |
| 001 | 9.915255 |
| 003 | CaOODSP |
| 005 | 20230125132235 |
| 006 | m o d f |
| 007 | cr |n||||||||| |
| 008 | 220805e197707##oncd ob f|0| 0 eng d |
| 040 | |aCaOODSP|beng|erda|cCaOODSP |
| 043 | |an-cn--- |
| 086 | 1 |aEn40-1052/1977E-PDF |
| 245 | 00|aState-of-the-art review : |baeration / |cBeak Consultants Limited. |
| 264 | 1|aOttawa : |bCPAR Secretariat, Environmental Protection Service, Environment Canada, |cJuly 1977. |
| 300 | |a1 online resource (1 volume (various pagings)) : |bcharts |
| 336 | |atext|btxt|2rdacontent |
| 337 | |acomputer|bc|2rdamedia |
| 338 | |aonline resource|bcr|2rdacarrier |
| 500 | |aDigitized edition from print [produced by Environment and Climate Change Canada]. |
| 500 | |a"CPAR Project Report 542-1." |
| 504 | |aIncludes bibliographical references (pages 143-153). |
| 650 | 0|aWood-pulp industry|xEnvironmental aspects|zCanada. |
| 650 | 6|aPâte à papier|xIndustrie |xAspect de l'environnement|zCanada. |
| 710 | 1 |aCanada. |bEnvironment Canada. |bEnvironmental Protection Service, |eissuing body. |
| 710 | 2 |aBeak Consultants, |econsultant. |
| 856 | 40|qPDF|s8.06 MB|uhttps://publications.gc.ca/collections/collection_2023/eccc/en40/En40-1052-1977-eng.pdf |